[Event "Frederiksberg-ch"]
[Site "Frederiksberg"]
[Date "2018.05.02"]
[Round "4"]
[White "Kjaer, Anders"]
[Black "Jorgensen, Mikkel"]
[Result "1-0"]
[WhiteElo "1835"]
[BlackElo "1860"]
[PlyCount "95"]
[EventDate "2018.04.11"]
[EventType "tourn"]
[EventRounds "7"]
[EventCountry "DEN"]
[SourceTitle "EXT 2020"]
[Source "ChessBase"]
[SourceDate "2019.10.17"]
[SourceVersion "1"]
[SourceVersionDate "2019.10.17"]
[SourceQuality "1"]

1. e4 e5 2. Nf3 Nc6 3. d4 exd4 4. Bc4 Nf6 5. 0-0 Bc5 6. c3 dxc3 7. Nxc3 0-0 8. e5 Ng4 9. Qd5 d6 10. Bg5 Be6 11. Qxe6 fxe6 12. Bxe6+ Kh8 13. Bxd8 Nxf2 14. Bh4 Nd3+ 15. Kh1 Ncxe5 16. Nxe5 Nxe5 17. h3 Ng6 18. Bg3 Rae8 19. Bf7 Re7 20. Bxg6 Rxf1+ 21. Rxf1 hxg6 22. Nd5 Re2 23. b4 Bb6 24. a4 Rd2 25. Nxb6 axb6 26. b5 Rd4 27. Rc1 Rxa4 28. Rxc7 Rb4 29. Bxd6 Rxb5 30. Rxb7 Kg8 31. Kh2 Rb3 32. Be5 Rb5 33. Bxg7 g5 34. Bd4 Rb4 35. Bxb6 g4 36. Rb8+ Kf7 37. Bc7 Rc4 38. Bg3 gxh3 39. gxh3 Rc2+ 40. Kg1 Rc3 41. Kg2 Kg6 42. Rf8 Rc2+ 43. Rf2 Rc3 44. h4 Rd3 45. Rf3 Rd5 46. Kh3 Kh5 47. Re3 Rb5 48. Re5+ 1-0